[Event "XXI Ayto. de Erandio"]
[Site "Erandio"]
[Date "2012.12.29"]
[Round "7.9"]
[White "Rodriguez Gonzalez, Alex"]
[Black "Perez Pacheco, Ricardo"]
[Result "0-1"]
[WhiteElo "1998"]
[BlackElo "1759"]

1. e4 c5 2. Nc3 d6 3. d4 cxd4 4. Qxd4 a6 5. Bg5 Nc6 6. Qd2 Nf6 7. f4 e6 8. Nf3
Qc7 9. O-O-O Bd7 10. f5 O-O-O 11. fxe6 fxe6 12. h3 Be7 13. Be3 Ne5 14. Ba7 Bc6
15. Nd4 b5 16. Nxc6 Nxc6 17. Be3 Qa5 18. Qe2 Kb7 19. a3 Ne5 20. Qd2 Rc8 21. g4
Rhd8 22. g5 Nfd7 23. Ne2 Qxd2+ 24. Bxd2 Nd3+ 25. Kb1 Nf2 26. Bg2 Nxd1 27. Rxd1
e5 28. Nc3 Nb6 29. Be3 Nc4 30. Bc1 Nxa3+ 31. Ka2 Nxc2 32. Nd5 Bf8 33. h4 Rc4 {
...} 0-1

[Event "XXI Ayto. de Erandio"]
[Site "Erandio"]
[Date "2012.12.29"]
[Round "7.10"]
[White "Martinez Fernandez, Adrian"]
[Black "Urbieta Gabancho, Koldo"]
[Result "0-1"]
[WhiteElo "1588"]
[BlackElo "1928"]

1. e4 c6 2. d4 d6 3. Bd3 e5 4. c3 Nf6 5. Bg5 Be7 6. Nf3 Qc7 7. O-O Nbd7 8. Nbd2
O-O 9. Qb3 Rb8 10. Rfd1 b5 11. d5 Nc5 12. Qc2 cxd5 13. exd5 h6 14. Bxf6 Bxf6
15. Ne4 Be7 16. Nxc5 Qxc5 17. h3 f5 18. Bf1 Bd7 19. Qb3 Kh8 20. Qb4 Rfc8 21.
Rac1 Bf6 22. b3 e4 23. Nd4 Qxb4 24. cxb4 Rxc1 25. Rxc1 Bxd4 26. Rc7 Rd8 27. Rb7
Bb6 28. Kh2 Kg8 29. Kg3 Kf8 30. a3 g5 31. Rxd7 Rxd7 32. Bxb5 Re7 33. a4 f4+ 34.
Kg4 Kg7 0-1

[Event "XXI Ayto. de Erandio"]
[Site "Erandio"]
[Date "2012.12.30"]
[Round "8.1"]
[White "Prieto Aranguren, Alain"]
[Black "Gomez Esteban, Juan Mario"]
[Result "1/2-1/2"]
[WhiteElo "2193"]
[BlackElo "2463"]

1. e4 c5 2. Nf3 d6 3. d4 cxd4 4. Nxd4 Nf6 5. Nc3 Nc6 6. Bg5 e6 7. Qd2 Be7 8.
O-O-O O-O 9. f3 a6 10. h4 Qc7 11. g4 Rd8 12. Qh2 b5 13. Be3 Ne5 14. h5 b4 15.
Nb1 Bb7 16. g5 Nxf3 17. Nxf3 Ng4 18. Qf4 Nxe3 19. Qxe3 d5 20. e5 d4 21. Qf4
Bxf3 22. Qxf3 Bxg5+ 23. Nd2 Qxe5 24. Bd3 Qa5 25. Rhg1 h6 26. Kb1 Bxd2 27. Rxd2
b3 28. Rdg2 Qxa2+ 29. Kc1 Qa1+ 30. Kd2 Qa5+ 31. Kc1 Qa1+ 32. Kd2 Qa5+ 33. Kc1
Qa1+ 34. Kd2 1/2-1/2

[Event "XXI Ayto. de Erandio"]
[Site "Erandio"]
[Date "2012.12.30"]
[Round "8.2"]
[White "Wu Martin, Eneko"]
[Black "Kovacevic, Slobodan"]
[Result "0-1"]
[WhiteElo "2087"]
[BlackElo "2326"]

1. e4 c5 2. Nf3 e6 3. d4 cxd4 4. Nxd4 a6 5. c4 Nf6 6. Nc3 Qc7 7. a3 d6 8. Be3
b6 9. Be2 Bb7 10. f3 Nbd7 11. O-O Rc8 12. Rc1 Be7 13. Qd2 O-O 14. b3 Rfe8 15.
b4 Qb8 16. Na4 Bd8 17. g4 h6 18. g5 hxg5 19. Bxg5 Bc7 20. Rf2 Nh7 21. Rg2 Kh8
22. Kf2 Ne5 23. Rcg1 Ng6 24. h4 Rg8 25. h5 Ne5 26. Nc3 Rce8 27. f4 Nd7 28. f5
Bd8 29. Nf3 Nxg5 30. Nxg5 Ne5 31. h6 g6 32. Nxf7+ Nxf7 33. fxg6 Ne5 34. Bh5
Ref8+ 35. Ke2 Rf6 36. Qd4 Qc7 37. Nd1 Qxc4+ 38. Qxc4 Nxc4 39. Nf2 Ne5 40. Ng4
Nxg6 41. Nxf6 Nf4+ 42. Kf3 Rxg2 43. Rxg2 Nxg2 44. Ng4 Ne1+ 45. Ke2 Nc2 46. Bg6
Nxa3 47. e5 Nc4 48. exd6 Nxd6 49. Ne5 Bf6 50. Nd7 Bd4 51. Kd3 Bc8 52. Kxd4 Bxd7
53. Bd3 Bb5 54. Bg6 Nb7 55. Ke5 Bc4 56. Be4 Bd5 57. Bd3 a5 58. bxa5 bxa5 59.
Kd4 a4 0-1

[Event "XXI Ayto. de Erandio"]
[Site "Erandio"]
[Date "2012.12.30"]
[Round "8.3"]
[White "Mate Adan, Carlos"]
[Black "Arias Garcia, Luis Javier"]
[Result "1/2-1/2"]
[WhiteElo "2255"]
[BlackElo "2217"]

1. e4 e5 2. Bc4 Nf6 3. d3 Bc5 4. Nc3 d6 5. f4 Nc6 6. Nf3 Bg4 7. Bb5 Nd7 8. Bxc6
bxc6 9. Na4 exf4 10. Nxc5 Nxc5 11. Bxf4 Qf6 12. Bc1 Ne6 13. c3 O-O 14. O-O c5
15. Qe1 Bxf3 16. Rxf3 Qg6 17. Rf5 Rae8 18. Qf2 f6 19. Be3 Nd8 20. Qc2 Qf7 21.
b4 cxb4 22. cxb4 c6 23. Qf2 a6 24. Rc1 Qb7 25. a3 Re5 26. Bf4 Rxf5 27. exf5 Nf7
28. Qd4 Qb5 29. Qe4 d5 30. Qe3 Qa4 31. d4 h6 32. h3 Qb5 33. Kh2 Rc8 34. Qe6 Qb7
35. Rc3 Kh7 36. h4 Nd8 37. Qe2 Qd7 38. Qg4 Nf7 39. Rg3 Rg8 40. Re3 Nd6 41. Re6
Ne4 42. Qg6+ Kh8 43. Qh5 Kh7 44. Qe2 Re8 45. Qg4 Ra8 46. Qe2 Re8 47. Qg4 Rg8
48. Qe2 1/2-1/2

[Event "XXI Ayto. de Erandio"]
[Site "Erandio"]
[Date "2012.12.30"]
[Round "8.4"]
[White "Diaz Herrero, Alvaro"]
[Black "Torres Garcia, Koldo"]
[Result "0-1"]
[WhiteElo "2138"]
[BlackElo "2027"]

1. Nf3 d5 2. g3 g6 3. Bg2 Bg7 4. O-O e5 5. c4 e4 6. Ne1 c6 7. d3 dxc4 8. Bxe4
Bh3 9. Ng2 Nf6 10. Bg5 O-O 11. Nc3 cxd3 12. Qxd3 Nbd7 13. Rfd1 Qb6 14. Be3 Qxb2
15. Rab1 Qa3 16. Nf4 Nxe4 17. Nxe4 Qxd3 18. exd3 Bg4 19. Rdc1 Nb6 20. h3 Bf3
21. Nd2 Bd5 22. Nxd5 cxd5 23. Nf3 Rfb8 24. Rc7 d4 25. Nxd4 Rd8 26. Nb5 Nd5 27.
Rxb7 Nxe3 28. fxe3 Rxd3 29. Rb3 Rd2 30. Ra3 a6 31. Nc7 Rc8 32. Rxa6 Be5 33. Ra8
Rxa8 34. Nxa8 Rxa2 35. Nc7 Bxg3 36. Nd5 Kg7 37. Nc3 Rc2 38. Ne4 Be5 39. Ng5 Bc7
40. Ne4 f5 41. Nf2 Kh6 42. Kg2 Kg5 43. Kf3 Rc4 44. Nd3 Kh4 45. Nf2 Bg3 46. Nh1
Bc7 47. Nf2 g5 48. Kg2 g4 49. Rb2 gxh3+ 50. Kf3 h2 51. Rd2 Rg4 52. Rd4 Rxd4 53.
exd4 Bb6 54. Kg2 Bxd4 55. Nd3 Bg1 56. Nf4 Kg5 0-1

[Event "XXI Ayto. de Erandio"]
[Site "Erandio"]
[Date "2012.12.30"]
[Round "8.5"]
[White "Urbieta Gabancho, Koldo"]
[Black "Trigo Urquijo, Sergio"]
[Result "0-1"]
[WhiteElo "1928"]
[BlackElo "2233"]

1. Nf3 Nf6 2. c4 g6 3. b3 Bg7 4. Bb2 O-O 5. g3 d6 6. Bg2 e5 7. d3 Nc6 8. Nbd2
h6 9. a3 a5 10. O-O Bg4 11. h3 Be6 12. Qc2 Qd7 13. Kh2 Rad8 14. d4 exd4 15.
Nxd4 Nxd4 16. Bxd4 Ng4+ 17. hxg4 Bxd4 18. Rab1 Bxg4 19. e3 Bg7 20. b4 axb4 21.
axb4 Qf5 22. Qxf5 Bxf5 23. e4 Be6 24. Rfc1 b6 25. Rc2 Ra8 26. c5 bxc5 27. bxc5
dxc5 28. e5 Ra2 29. Rxa2 Bxa2 30. Rb2 Be6 31. f4 Rd8 32. Ne4 c4 33. Rc2 Rd4 34.
Nc3 Bf8 35. Nb5 Rd7 36. Bc6 Rd8 37. Nxc7 Rc8 38. Nxe6 Rxc6 39. Nxf8 Kxf8 40.
Kg2 Ke7 41. Kf3 Ke6 42. Ke4 c3 43. Kd4 Kf5 44. Kd5 Rc8 45. Kd6 Ke4 46. Ke7 Rc7+
47. Kd6 Kd3 48. g4 Kxc2 49. Kxc7 Kd3 50. f5 c2 0-1

[Event "XXI Ayto. de Erandio"]
[Site "Erandio"]
[Date "2012.12.30"]
[Round "8.6"]
[White "Porras Campo, Ruben"]
[Black "Perez Pacheco, Ricardo"]
[Result "1-0"]
[WhiteElo "2093"]
[BlackElo "1759"]

1. d4 f5 2. c4 e6 3. Nc3 d5 4. e3 c6 5. Bd3 Nf6 6. f3 Bd6 7. Nge2 Nbd7 8. O-O
O-O 9. e4 fxe4 10. fxe4 dxe4 11. Nxe4 Nxe4 12. Rxf8+ Kxf8 13. Bxe4 Bxh2+ 14.
Kxh2 Qh4+ 15. Kg1 Qxe4 16. Bg5 h6 17. Bf4 Nf6 18. Qd2 Kg8 19. Rf1 Qg6 20. Nc3
Bd7 21. Rf3 Nh5 22. Bd6 Rd8 23. Qe2 e5 24. dxe5 Bg4 25. Qd3 Qg5 26. Rf1 Qxe5
27. Rf8+ 1-0

[Event "XXI Ayto. de Erandio"]
[Site "Erandio"]
[Date "2012.12.30"]
[Round "8.8"]
[White "Goiria Egidazu, Jon Asel"]
[Black "Ruiz Maraña, Alejandro"]
[Result "1/2-1/2"]
[WhiteElo "1923"]
[BlackElo "2206"]

1. e4 Nf6 2. e5 Nd5 3. d4 d6 4. c4 Nb6 5. f4 g6 6. Nc3 Bg7 7. c5 N6d7 8. cxd6
exd6 9. Nf3 O-O 10. Bc4 Nb6 11. Bb3 Bg4 12. O-O Nc6 13. a4 dxe5 14. dxe5 Qe7
15. Be3 Rad8 16. Qe2 Na5 17. Ba2 Be6 18. Ne4 Bxa2 19. Rxa2 Qe6 20. b4 Nc6 21.
Bc5 Rfe8 22. Nfg5 Qf5 23. Qf2 h6 24. Qh4 Nd5 25. g4 Qc8 26. Nf6+ Nxf6 27. exf6
hxg5 28. fxg5 Re4 29. Kg2 Ne5 30. fxg7 Kxg7 31. Be7 Nf3 32. Rxf3 Rxe7 33. Rh3
Rh8 34. Qxh8+ Qxh8 35. Rxh8 Kxh8 36. Rc2 Kg7 37. Rc4 c6 38. Kf2 Re5 39. h4 a5
40. bxa5 Rxa5 41. Kf3 Rd5 42. Ke4 Kf8 43. Rb4 Rd7 44. h5 gxh5 45. gxh5 Rd5 46.
Kf4 b5 47. axb5 cxb5 48. h6 Kg8 49. Kg4 Rc5 50. Rf4 Rc2 51. Rb4 Rc5 52. Rf4 Rc2
53. Rb4 1/2-1/2

[Event "XXI Ayto. de Erandio"]
[Site "Erandio"]
[Date "2012.12.30"]
[Round "8.9"]
[White "Padilla Cabero, Pablo"]
[Black "Peña Ugarte, Fco. Jesus"]
[Result "1-0"]
[WhiteElo "2171"]
[BlackElo "1848"]

1. e4 c5 2. Nc3 Nc6 3. g3 g6 4. Bg2 Bg7 5. d3 d6 6. Be3 Nf6 7. h3 Bd7 8. Qd2
Rb8 9. Nd1 b5 10. Ne2 Qc8 11. f4 O-O 12. Nf2 a5 13. O-O a4 14. Rac1 Qa6 15. c3
Rfc8 16. Rfd1 Be6 17. Ra1 a3 18. b3 Na5 19. Rdb1 Ne8 20. d4 b4 21. cxb4 cxb4
22. d5 Bd7 23. Bd4 Nb7 24. Bf1 Nc5 25. Rc1 Qa5 26. Bxg7 Nxg7 27. Nd4 Rc7 28.
Rc4 Bb5 29. Rxb4 Qa7 30. Nxb5 1-0

[Event "XXI Ayto. de Erandio"]
[Site "Erandio"]
[Date "2012.12.30"]
[Round "8.10"]
[White "Salas Martin, Javier"]
[Black "Diez Fraile, Mariano"]
[Result "0-1"]
[WhiteElo "1804"]
[BlackElo "2083"]

1. d4 d5 2. c4 dxc4 3. Nf3 Nf6 4. e3 e6 5. Bxc4 c5 6. O-O a6 7. dxc5 Qxd1 8.
Rxd1 Bxc5 9. a3 b5 10. b4 Be7 11. Be2 Bb7 12. Bb2 Nbd7 13. Nbd2 Rc8 14. Rac1
O-O 15. Bd4 Nd5 16. Nb3 f6 17. Nfd2 e5 18. Bb2 N7b6 19. Na5 Ba8 20. Rxc8 Rxc8
21. Rc1 Rxc1+ 22. Bxc1 Nc3 23. Bf1 Nba4 24. Nab3 Bd5 25. f3 Bd8 26. e4 Bb6+ 27.
Kh1 Be6 28. h3 Be3 29. Bd3 Na2 0-1